000 00501nam a22001697a 4500
999 _c172374
_d172374
005 20200204141434.0
010 _aENG-127631
020 _a9789380200613
_c225.00
035 _aEN-111163
037 _bDBAD/PUB
082 _a332.024
245 _aYour Guide to Financial Success/
260 _aMumbai
_bBestsellers18
_c2012
270 _bMumbai
_aB-23,Royal Industrial Estate,5-B, Naigun Cross Road,Wadala
_e400013
300 _a150p.
_b21cm(hb)
942 _2ddc
_cEN
_h332.024
_mYOU